| 000 | 00325 a2200097 4500 | ||
|---|---|---|---|
| 245 | 0 | 0 |
_aCzęstościomierze cyfrowe - Ogólne wymagania i badania PN-74/T-06505 / _cMin. Przem. Maszynowego. |
| 246 | 1 | 3 | _aPN-74/T-06505 |
| 246 | 1 | 3 | _a621.317.761 |
| 260 |
_aWarszawa : _bMin. Przem. Maszynowego, _c1974. |
||
| 300 |
_a5 stron ; _c30 cm. |
||
| 650 | _aPolska norma | ||
| 999 |
_c20937 _d20937 |
||